[Event "Frankfurt Ch A 2019"]
[Site "Ffm-Höchst, BiKuZ"]
[Date "2019.05.27"]
[Round "5.44"]
[White "Weiland, Thomas"]
[Black "Leichum, Engelbert"]
[Result "1-0"]
[WhiteElo "1751"]
[BlackElo "1570"]
[PlyCount "135"]
[EventDate "2019.??.??"]
[WhiteTeam "SV Oberursel"]
[BlackTeam "vereinslos"]

1. e4 d5 2. exd5 Nf6 3. d4 Nxd5 4. Nf3 Bf5 5. c3 Nd7 6. Nbd2 e6 7. Nc4 c5 8.
Bg5 Be7 9. Nd6+ Kf8 10. Nxb7 Qc7 11. Bxe7+ Nxe7 12. Nxc5 Nxc5 13. dxc5 Qxc5 14.
Be2 h5 15. O-O Ng6 16. Nd4 Bg4 17. Re1 Nf4 18. Bxg4 hxg4 19. Qxg4 e5 20. Qf5
Re8 21. Nf3 Rh5 22. Qe4 Qd6 23. Rad1 Qh6 24. Rd7 f5 25. Qb4+ Kg8 26. Qc4+ Kh8
27. Qf7 Re6 28. Rd8+ Kh7 29. Qg8+ Kg6 30. Re8 Rxe8 31. Qxe8+ Kh7 32. h4 e4 33.
Ng5+ Rxg5 34. hxg5 Qxg5 35. g3 Qg4 36. Qd8 Nh3+ 37. Kf1 Ng5 38. Re3 Qh3+ 39.
Ke2 Qg4+ 40. Kd2 Nf3+ 41. Kc2 Qg6 42. Qd5 Qg4 43. b4 Qh3 44. Rxf3 exf3 45. Qxf3
Qf1 46. Qxf5+ Kh6 47. Qf4+ Kh7 48. Qe4+ Kh6 49. Qe3+ g5 50. g4 Qc4 51. Qxa7
Qe2+ 52. Kb3 Qd1+ 53. Ka3 Qc1+ 54. Ka4 Qc2+ 55. Kb5 Qe2+ 56. c4 Qe8+ 57. Ka5
Qe2 58. Qb6+ Kg7 59. Qd4+ Kh6 60. a4 Qe8 61. Qd6+ Kg7 62. b5 Qe1+ 63. Ka6 Qxf2
64. Qe5+ Kh6 65. Qh8+ Kg6 66. Qh5+ Kg7 67. Qxg5+ Kf7 68. Qf5+ 1-0

[Event "Frankfurt Ch A 2019"]
[Site "Ffm-Höchst, BiKuZ"]
[Date "2019.05.27"]
[Round "5.45"]
[White "Ackermann, Robert"]
[Black "Lopez Fuertes, Victor"]
[Result "1-0"]
[WhiteElo "1664"]
[BlackElo "1548"]
[PlyCount "115"]
[EventDate "2019.??.??"]
[WhiteTeam "SC Bad Soden"]
[BlackTeam "SC Höchst"]

1. Nf3 d5 2. c4 Nf6 3. g3 d4 4. d3 Nc6 5. Bg2 e5 6. O-O Be7 7. a3 a5 8. e3 Bg4
9. h3 Bxf3 10. Bxf3 a4 11. b3 axb3 12. Qxb3 Na5 13. Qc2 O-O 14. exd4 exd4 15.
Bb2 Rb8 16. Nd2 Qd7 17. Bg2 c5 18. Nf3 Bd6 19. Bc1 b5 20. Bd2 Nc6 21. cxb5 Rxb5
22. Rfb1 Rfb8 23. Rxb5 Rxb5 24. a4 Rb6 25. a5 Ra6 26. Qc4 Qa7 27. Ng5 Ne5 28.
Qb5 h6 29. Ne4 Bf8 30. Bf4 Ned7 31. Nd2 g5 32. Bc7 Ne8 33. Qxd7 Nxc7 34. Nc4
Re6 35. Be4 Qb8 36. Nb6 Na6 37. Qb7 Qxb7 38. Bxb7 Nc7 39. Na8 Bd6 40. Nxc7 Bxc7
41. a6 Bb6 42. a7 Bxa7 43. Rxa7 Re7 44. Ra8+ Kg7 45. Bd5 Rc7 46. Bc4 f5 47. Ra6
h5 48. Kg2 Re7 49. Re6 Rc7 50. Kf3 Rc8 51. Re7+ Kg6 52. Re6+ Kg7 53. Bb5 Rc7
54. Rc6 Rxc6 55. Bxc6 Kf6 56. Be8 h4 57. gxh4 gxh4 58. Kf4 1-0

[Event "Frankfurt Ch A 2019"]
[Site "Ffm-Höchst, BiKuZ"]
[Date "2019.05.27"]
[Round "5.46"]
[White "Knödler, Marcel"]
[Black "Bernhardt, Winfried"]
[Result "1-0"]
[WhiteElo "1662"]
[BlackElo "1419"]
[PlyCount "61"]
[EventDate "2019.??.??"]
[WhiteTeam "FC Bierstadt"]
[BlackTeam "SV Nauheim"]

1. c4 e5 2. g3 Nf6 3. Bg2 d5 4. cxd5 Nxd5 5. Nc3 Nb6 6. b3 Bb4 7. Bb2 O-O 8.
Qc2 N8d7 9. Nf3 c6 10. h4 f6 11. a3 Be7 12. d4 exd4 13. Nxd4 Nc5 14. O-O-O Qc7
15. b4 Ne6 16. Qb3 Nd5 17. e4 Nxd4 18. Rxd4 Be6 19. exd5 cxd5 20. Bxd5 Bxd5 21.
Qxd5+ Kh8 22. Rc4 Qb6 23. Qd4 Qa6 24. Rc7 Bd8 25. Rd7 Bb6 26. Qg4 Rg8 27. Re1
Bxf2 28. Ree7 Qf1+ 29. Kc2 Qg2 30. Rxg7 Bd4+ 31. Kb3 1-0

[Event "Frankfurt Ch A 2019"]
[Site "Ffm-Höchst, BiKuZ"]
[Date "2019.05.27"]
[Round "5.48"]
[White "Mayer, Rolf"]
[Black "Stoll, Ulrich"]
[Result "0-1"]
[WhiteElo "1437"]
[BlackElo "1646"]
[PlyCount "94"]
[EventDate "2019.??.??"]
[WhiteTeam "SC Flörsheim"]
[BlackTeam "Bad Vilbeler Sfr."]

1. d4 d5 2. Nf3 Nf6 3. Bf4 e6 4. e3 c5 5. c3 Be7 6. Ne5 O-O 7. Bd3 b6 8. Nd2
Bb7 9. O-O Ba6 10. Bxa6 Nxa6 11. h3 Qe8 12. Qe2 c4 13. Rfe1 Rc8 14. e4 b5 15.
Qf3 Nc7 16. Ng4 dxe4 17. Nxf6+ Bxf6 18. Nxe4 Nd5 19. Nd6 Qd7 20. Nxc8 Rxc8 21.
a3 a6 22. Qg3 Ne7 23. Qg4 Qd5 24. Be5 Ng6 25. Bxf6 gxf6 26. Re3 h5 27. Qf3 Kg7
28. Qxd5 exd5 29. Rae1 Nf4 30. Re8 Rxe8 31. Rxe8 Nd3 32. Rd8 Nxb2 33. Rxd5 Na4
34. Rd6 Nxc3 35. Rxa6 Ne2+ 36. Kf1 Nxd4 37. Ke1 c3 38. Kd1 Kg6 39. Kc1 Kf5 40.
Ra7 Ke6 41. g3 f5 42. Ra6+ Kd5 43. Rh6 Kc4 44. Ra6 Kb3 45. a4 Ne2+ 46. Kd1 c2+
47. Kxe2 c1=Q 0-1

[Event "Frankfurt Ch A 2019"]
[Site "Ffm-Höchst, BiKuZ"]
[Date "2019.05.27"]
[Round "5.49"]
[White "Stricker, Konstantin"]
[Black "Stulken, Dietmar"]
[Result "1/2-1/2"]
[WhiteElo "1589"]
[BlackElo "1267"]
[PlyCount "116"]
[EventDate "2019.??.??"]
[WhiteTeam "SC Eschbach"]
[BlackTeam "SF Frankfurt"]

1. e4 e5 2. Nf3 Nc6 3. Bb5 a6 4. Ba4 Nf6 5. O-O b5 6. Bb3 Be7 7. Re1 d6 8. h3
Na5 9. a4 Nxb3 10. cxb3 Bb7 11. d3 c5 12. Nbd2 b4 13. Nc4 Qc7 14. a5 O-O 15.
Bg5 h6 16. Bh4 Rfe8 17. Ne3 Bc8 18. Qe2 Be6 19. Nc4 Bxc4 20. bxc4 Rab8 21. Kh1
Nh7 22. Qd2 Qd8 23. Bxe7 Qxe7 24. Rg1 Kh8 25. g3 Rg8 26. Nh4 Qg5 27. Qxg5 Nxg5
28. Kg2 g6 29. Raf1 Ne6 30. f4 g5 31. fxg5 Rxg5 32. Rxf7 Nf4+ 33. Kh2 Nxd3 34.
Rg2 Nc1 35. Rf6 Rd8 36. Nf5 Nb3 37. Rxh6+ Kg8 38. h4 Rg4 39. Nxd6 Nxa5 40. Kh3
Rg7 41. Rf2 Rh7 42. Rff6 Rxh6 43. Rxh6 Kg7 44. Re6 Rxd6 45. Rxd6 Nxc4 46. Rxa6
Nxb2 47. Ra5 Nd3 48. Kg4 c4 49. Kf5 c3 50. Ra7+ Kg8 51. Kg6 Kf8 52. Kf6 Ke8 53.
Rc7 Kd8 54. Rc4 Nb2 55. Rc5 Nd3 56. Rc4 Nb2 57. Rc5 Nd3 58. Rc4 Nb2 1/2-1/2

[Event "Frankfurt Ch A 2019"]
[Site "Ffm-Höchst, BiKuZ"]
[Date "2019.05.27"]
[Round "5.50"]
[White "Arnold, Jan"]
[Black "Kautz, Thomas"]
[Result "1/2-1/2"]
[WhiteElo "1375"]
[BlackElo "1742"]
[PlyCount "47"]
[EventDate "2019.??.??"]
[WhiteTeam "SC Frankfurt-West"]
[BlackTeam "SK Niederbrechen"]

1. c4 g6 2. Nc3 Bg7 3. Nf3 Nf6 4. d4 d6 5. Bg5 a6 6. e3 Nbd7 7. Be2 O-O 8. Qc2
c5 9. O-O Qc7 10. d5 Nb6 11. Rad1 e6 12. Qd2 e5 13. Ne1 h6 14. Bxf6 Bxf6 15.
Nc2 Bg7 16. e4 f5 17. f4 Qe7 18. fxe5 Qxe5 19. exf5 Bxf5 20. Rde1 Bxc2 21.
Rxf8+ Rxf8 22. Qxc2 Qe3+ 23. Kh1 Qf2 24. Qb1 1/2-1/2

[Event "Frankfurt Ch A 2019"]
[Site "Ffm-Höchst, BiKuZ"]
[Date "2019.05.27"]
[Round "5.51"]
[White "John, Volkmar"]
[Black "Odabasi, Siddik"]
[Result "1/2-1/2"]
[WhiteElo "1646"]
[BlackElo "1423"]
[PlyCount "104"]
[EventDate "2019.??.??"]
[WhiteTeam "SC Herborn"]
[BlackTeam "Frankfurter TV"]

1. e4 e6 2. d4 d5 3. Nc3 dxe4 4. Nxe4 Nd7 5. Nf3 Ngf6 6. Bd3 Nxe4 7. Bxe4 Nf6
8. Bg5 Be7 9. Bxf6 Bxf6 10. O-O O-O 11. Qd3 g6 12. Rad1 c6 13. Ne5 Qc7 14. Qg3
Bg7 15. Rd3 f6 16. Nc4 Qxg3 17. hxg3 Bd7 18. Nd6 Rab8 19. c4 Rfd8 20. c5 Be8
21. Bf3 Bf8 22. Ne4 Kg7 23. Rfd1 Bf7 24. b4 Rd7 25. Nc3 Rbd8 26. g4 Be7 27. g3
Kg8 28. a4 a6 29. Bg2 Kg7 30. f4 h6 31. Kf2 e5 32. d5 cxd5 33. Bxd5 Bxd5 34.
Rxd5 Rxd5 35. Rxd5 exf4 36. gxf4 Kf7 37. Rxd8 Bxd8 38. Kf3 Ke6 39. Ke4 f5+ 40.
gxf5+ gxf5+ 41. Kd4 Bc7 42. Ke3 h5 43. b5 Ba5 44. bxa6 bxa6 45. Ne2 Kd5 46. Ng3
Kxc5 47. Nxh5 Kb4 48. Ng7 Bc7 49. Nxf5 Bxf4+ 50. Kxf4 Kxa4 51. Ke4 Kb4 52. Kd3
a5 1/2-1/2

[Event "Frankfurt Ch A 2019"]
[Site "Ffm-Höchst, BiKuZ"]
[Date "2019.05.27"]
[Round "5.52"]
[White "Schneider, Luca"]
[Black "Arnold, Aaron"]
[Result "0-1"]
[WhiteElo "1603"]
[BlackElo "1424"]
[PlyCount "86"]
[EventDate "2019.??.??"]
[WhiteTeam "FC Bierstadt"]
[BlackTeam "SC Frankfurt-West"]

1. d4 Nf6 2. c4 b6 3. Nc3 e6 4. Bg5 Bb4 5. e3 Bb7 6. Nf3 Bxc3+ 7. bxc3 h6 8.
Bh4 d6 9. Bd3 Nbd7 10. O-O Qc8 11. Re1 Be4 12. Bxf6 Nxf6 13. c5 Bxd3 14. Qxd3
bxc5 15. dxc5 d5 16. Ne5 O-O 17. c6 Rd8 18. Rab1 Rd6 19. Rb7 Rxc6 20. Rxa7 Rxa7
21. Nxc6 Qa6 22. Qxa6 Rxa6 23. Nb4 Ra3 24. Rc1 c5 25. Nc6 Rxa2 26. Kf1 c4 27.
Nd4 Ne4 28. Ne2 Nd2+ 29. Ke1 Nb3 30. Rb1 Kf8 31. Nd4 Nc5 32. Ne2 Ke7 33. Kd1
Nd3 34. f3 Nc5 35. Rc1 Nb3 36. Rc2 Ra1+ 37. Nc1 Kf6 38. g3 Ke5 39. h3 f5 40. h4
g5 41. hxg5 hxg5 42. g4 fxg4 43. fxg4 Ke4 0-1

[Event "Frankfurt Ch A 2019"]
[Site "Ffm-Höchst, BiKuZ"]
[Date "2019.05.27"]
[Round "5.53"]
[White "Burkart, Lloyd Shang"]
[Black "Klikic, Drazen"]
[Result "1-0"]
[WhiteElo "1484"]
[BlackElo "1488"]
[PlyCount "52"]
[EventDate "2019.??.??"]
[WhiteTeam "TuS Makkabi"]
[BlackTeam "SC Nied"]

1. d4 Nf6 2. c4 e6 3. Nc3 d5 4. cxd5 exd5 5. Bg5 Be7 6. e3 Nbd7 7. Bd3 c6 8.
Qc2 g6 9. Nf3 Nh5 10. Bxe7 Qxe7 11. h3 Ng7 12. O-O Nf6 13. Rab1 Bf5 14. Rfc1
O-O 15. b4 a6 16. a4 Bxd3 17. Qxd3 Nf5 18. b5 axb5 19. axb5 Ra3 20. Qc2 Nd6 21.
bxc6 bxc6 22. Rb6 Qc7 23. Rcb1 Nd7 24. Nxd5 Qd8 25. Rxc6 Nb8 26. Rcb6 Nd7 1-0

[Event "Frankfurt Ch A 2019"]
[Site "Ffm-Höchst, BiKuZ"]
[Date "2019.05.27"]
[Round "5.54"]
[White "Popp, Matthias"]
[Black "Hedrich, Gerd"]
[Result "1-0"]
[WhiteElo "1564"]
[BlackElo "1317"]
[PlyCount "53"]
[EventDate "2019.??.??"]
[WhiteTeam "SC Bergen-Enkheim"]
[BlackTeam "Wiesbadener SV"]

1. Nf3 Nf6 2. d4 d5 3. Bf4 e6 4. Nbd2 Bd6 5. Ne5 O-O 6. e3 c5 7. c3 b6 8. Bd3
Bb7 9. h4 h6 10. g4 Ne4 11. g5 Bxe5 12. Bxe5 Nd7 13. gxh6 Nxe5 14. dxe5 g6 15.
Qg4 Kh7 16. f3 Nxd2 17. Kxd2 f5 18. Qf4 c4 19. Bc2 Qd7 20. Rhg1 Rg8 21. Rg5
Raf8 22. Rag1 Qf7 23. h5 gxh5 24. Rg7+ Rxg7 25. Rxg7+ Qxg7 26. hxg7 Kxg7 27.
Qg5+ 1-0

[Event "Frankfurt Ch B 2019"]
[Site "Ffm-Höchst, BiKuZ"]
[Date "2019.05.27"]
[Round "5.2"]
[White "Trumpp, Christopher"]
[Black "Al-Butmeh, Firas"]
[Result "0-1"]
[WhiteElo "1438"]
[BlackElo "1362"]
[PlyCount "70"]
[EventDate "2019.??.??"]
[WhiteTeam "Berkershm"]
[BlackTeam "SV Lahn Limburg"]

1. d4 Nf6 2. Bf4 g6 3. Nf3 Bg7 4. e3 d6 5. Bd3 O-O 6. O-O Nbd7 7. Nbd2 Re8 8.
c4 e5 9. Bg5 h6 10. Bxf6 Nxf6 11. dxe5 dxe5 12. Ne4 Bg4 13. Nxf6+ Bxf6 14. Be4
c6 15. Qb3 Qc7 16. Rad1 Rad8 17. Rd3 Rxd3 18. Qxd3 Rd8 19. Qc2 Bg7 20. Rd1 f5
21. Rxd8+ Qxd8 22. Qd3 Qxd3 23. Bxd3 e4 24. Bxe4 fxe4 25. Nd2 Bxb2 26. Nxe4 Be6
27. Nc5 Bxc4 28. Nxb7 Bxa2 29. Kf1 Bc4+ 30. Ke1 a5 31. Nc5 Bc3+ 32. Kd1 a4 33.
Kc2 Be1 34. Nxa4 Bxf2 35. e4 Kf7 0-1

[Event "Frankfurt Ch B 2019"]
[Site "Ffm-Höchst, BiKuZ"]
[Date "2019.05.27"]
[Round "5.3"]
[White "Wöhl, Torsten"]
[Black "Engelhardt, Michael"]
[Result "1-0"]
[WhiteElo "1324"]
[BlackElo "1467"]
[PlyCount "63"]
[EventDate "2019.??.??"]
[WhiteTeam "SC Groß-Zimmern"]
[BlackTeam "SV Nauheim"]

1. d4 Nf6 2. Bf4 Nd5 3. Bg3 d6 4. Nd2 Nc6 5. e4 Nb6 6. Nc4 Nxc4 7. Bxc4 Na5 8.
Bxf7+ Kxf7 9. Qh5+ g6 10. Qxa5 Bh6 11. Nf3 b6 12. Qa3 Bg4 13. h3 Bxf3 14. Qxf3+
Ke8 15. O-O Rf8 16. Qd3 Qd7 17. e5 d5 18. c4 e6 19. a4 Rd8 20. a5 Qc6 21. b3
Bf4 22. Bxf4 Rxf4 23. cxd5 Qxd5 24. axb6 axb6 25. Ra7 Rxd4 26. Qc3 c5 27. Rxh7
Qxe5 28. Qf3 Qf5 29. Qc6+ Kf8 30. Rh8+ Kg7 31. Rxd8 Rxd8 32. Qc7+ 1-0

[Event "Frankfurt Ch B 2019"]
[Site "Ffm-Höchst, BiKuZ"]
[Date "2019.05.27"]
[Round "5.4"]
[White "Bär, Christian"]
[Black "Le, Tung Lam"]
[Result "1/2-1/2"]
[WhiteElo "1423"]
[BlackElo "1358"]
[PlyCount "64"]
[EventDate "2019.??.??"]
[WhiteTeam "SC Steinbach"]
[BlackTeam "Schach AG im FDG"]

1. e4 c5 2. Nc3 e6 3. g3 Nc6 4. Bg2 Nf6 5. Nge2 Be7 6. d3 O-O 7. f4 d5 8. e5
Ne8 9. d4 b6 10. Be3 Bb7 11. O-O Nc7 12. a4 Rb8 13. g4 Ba6 14. Rf3 Bxe2 15.
Nxe2 Na5 16. b3 c4 17. Bd2 cxb3 18. cxb3 Na6 19. Rc1 Rc8 20. Rfc3 Rxc3 21. Nxc3
Nb4 22. Bf1 a6 23. Nb1 Qa8 24. Bxb4 Bxb4 25. Rc7 Rc8 26. Qc2 Nc6 27. Rxc8+ Qxc8
28. Bxa6 Qxa6 29. Qxc6 Qe2 30. Qc8+ Bf8 31. Qc1 Qxg4+ 32. Kf2 Qh4+ 1/2-1/2

[Event "Frankfurt Ch B 2019"]
[Site "Ffm-Höchst, BiKuZ"]
[Date "2019.05.27"]
[Round "5.5"]
[White "Ketting, Douwe"]
[Black "Nebel, Marcel"]
[Result "0-1"]
[WhiteElo "1397"]
[BlackElo "1309"]
[PlyCount "114"]
[EventDate "2019.??.??"]
[WhiteTeam "SC Somborn"]
[BlackTeam "Berkershm"]

1. b4 d5 2. Bb2 Nf6 3. Nf3 e6 4. a3 Be7 5. e3 O-O 6. d4 b6 7. c4 c5 8. dxc5
bxc5 9. bxc5 Bxc5 10. cxd5 Nxd5 11. Qc2 Qa5+ 12. Nbd2 Nd7 13. Bd3 h6 14. O-O
Ba6 15. Bxa6 Qxa6 16. Ne4 Rac8 17. Nxc5 Rxc5 18. Qd2 Rfc8 19. Rfc1 Rxc1+ 20.
Rxc1 Rxc1+ 21. Qxc1 Qe2 22. h3 N7f6 23. Nd4 Qh5 24. Nc6 a6 25. f3 Qg6 26. Bd4
Kh7 27. Qc4 Nh5 28. Qb3 Qg3 29. Qd3+ Kh8 30. Qe2 f5 31. f4 Nhf6 32. Nd8 Nc7 33.
Be5 Ncd5 34. Bd4 Nc7 35. Bb6 Nfd5 36. Bc5 Kg8 37. Qd2 e5 38. Ne6 Nxe6 39. Qxd5
Qg6 40. Qxe5 Nxc5 41. Qxc5 Qf6 42. Qe5 Qxe5 43. fxe5 Kf7 44. Kf2 Ke6 45. Kf3
Kxe5 46. g4 fxg4+ 47. hxg4 a5 48. a4 g6 49. Kg3 Ke4 50. Kf2 h5 51. gxh5 gxh5
52. Kg3 Kxe3 53. Kh4 Kd3 54. Kxh5 Kc3 55. Kg4 Kb3 56. Kf4 Kxa4 57. Ke3 Kb3 0-1

[Event "Frankfurt Ch B 2019"]
[Site "Ffm-Höchst, BiKuZ"]
[Date "2019.05.27"]
[Round "5.6"]
[White "Manasek, Martin"]
[Black "Goodwin, David"]
[Result "0-1"]
[WhiteElo "1360"]
[BlackElo "1434"]
[PlyCount "118"]
[EventDate "2019.??.??"]
[WhiteTeam "SC Flörsheim"]
[BlackTeam "SV Kelsterbach"]

1. d4 Nf6 2. c4 g6 3. Nc3 Bg7 4. Nf3 d6 5. e4 Nbd7 6. Be2 a6 7. O-O O-O 8. Qc2
c5 9. d5 Ng4 10. Nd2 Nh6 11. Nf3 Ng4 12. Nd2 Nb6 13. Nf3 Ne5 14. Nxe5 Bxe5 15.
Bh6 Re8 16. Rad1 e6 17. Be3 Bg7 18. b3 exd5 19. exd5 Bf5 20. Qc1 Qf6 21. Bd3
Qxc3 22. Qxc3 Bxc3 23. Bxf5 gxf5 24. Bh6 Bg7 25. Bf4 Be5 26. Bh6 Nd7 27. Kh1 f4
28. g3 fxg3 29. fxg3 f6 30. Rde1 Nf8 31. g4 Ng6 32. g5 fxg5 33. Bxg5 Rf8 34.
Bh6 Bg7 35. Bc1 Rxf1+ 36. Rxf1 Re8 37. a3 Re2 38. b4 b6 39. bxc5 bxc5 40. Bf4
Nxf4 41. Rxf4 Ra2 42. Rf3 Be5 43. Rb3 Rxh2+ 44. Kg1 Ra2 45. Rb8+ Kg7 46. Rb7+
Kg6 47. Rb3 h5 48. Rf3 Rc2 49. Rb3 Rxc4 50. Rb6 Ra4 51. Rb3 h4 52. Kg2 Rd4 53.
Rb6 a5 54. Rb3 Kg5 55. Rf3 Kg4 56. Rf8 h3+ 57. Kf2 Rf4+ 58. Rxf4+ Bxf4 59. Kg1
c4 0-1

[Event "Frankfurt Ch B 2019"]
[Site "Ffm-Höchst, BiKuZ"]
[Date "2019.05.27"]
[Round "5.7"]
[White "Dröser, Wolfgang"]
[Black "Schäfer, Dieter"]
[Result "1/2-1/2"]
[WhiteElo "1276"]
[BlackElo "1167"]
[PlyCount "48"]
[EventDate "2019.??.??"]
[WhiteTeam "SC Sulzbach"]
[BlackTeam "SV Ffm-Griesheim"]

1. f4 d5 2. Nf3 Nc6 3. e3 Bg4 4. Be2 e6 5. O-O Nf6 6. d3 Bd6 7. d4 a6 8. Nc3
O-O 9. a3 b5 10. b4 Nd7 11. Bd3 f6 12. Qe1 Re8 13. Bxh7+ Kxh7 14. Qh4+ Kg8 15.
Qxg4 e5 16. fxe5 fxe5 17. dxe5 Ndxe5 18. Nxe5 Bxe5 19. Bd2 Bf6 20. Rae1 Ne5 21.
Qe2 Nc4 22. Nb1 Bd4 23. Rf3 Bb6 24. Rh3 Qg5 1/2-1/2

[Event "Frankfurt Ch B 2019"]
[Site "Ffm-Höchst, BiKuZ"]
[Date "2019.05.27"]
[Round "5.8"]
[White "Grinberg, Igor"]
[Black "Pessotschinski, Eduard"]
[Result "1-0"]
[WhiteElo "1187"]
[BlackElo "1263"]
[PlyCount "71"]
[EventDate "2019.??.??"]
[WhiteTeam "TuS Makkabi"]
[BlackTeam "TuS Makkabi"]

1. d4 Nf6 2. e4 Nxe4 3. c4 d5 4. Nf3 Bg4 5. c5 g6 6. Be2 Nc6 7. O-O Bg7 8. Be3
O-O 9. h3 Bxf3 10. Bxf3 Nf6 11. Nc3 e6 12. Re1 Re8 13. Bg5 Ne7 14. Ne2 Ne4 15.
b4 Nxg5 16. a4 Nxf3+ 17. gxf3 Qd7 18. Ra3 Nf5 19. b5 Nh4 20. Ng3 e5 21. Kh2
exd4 22. Rg1 Qe7 23. Qc1 c6 24. Rb3 Qf6 25. Qd1 Re6 26. bxc6 bxc6 27. Nf1 Qf4+
28. Ng3 Rf6 29. Kh1 Nxf3 30. Rg2 Re8 31. Ne2 Qe4 32. Ng1 Ne1 33. f3 Qh4 34. Rg4
Nxf3 35. Rxh4 Re1 36. Qxf3 1-0

[Event "Frankfurt Ch B 2019"]
[Site "Ffm-Höchst, BiKuZ"]
[Date "2019.05.27"]
[Round "5.9"]
[White "Sturm, Holger"]
[Black "Brendel, Lutz"]
[Result "1-0"]
[WhiteElo "1133"]
[BlackElo "1407"]
[PlyCount "51"]
[EventDate "2019.??.??"]
[WhiteTeam "Schierstein"]
[BlackTeam "Schach AG im FDG"]

1. d4 Nf6 2. c4 d6 3. Nc3 Bf5 4. Bg5 h6 5. Bh4 g5 6. Bg3 Bg7 7. e3 O-O 8. Be2
c5 9. Bf3 Qc8 10. Qb3 Nc6 11. Nge2 Nb4 12. e4 Bg4 13. O-O-O Bxf3 14. gxf3 Nd7
15. a3 cxd4 16. Nxd4 Bxd4 17. Rxd4 Nc6 18. Rdd1 Na5 19. Qc2 Qxc4 20. Kb1 Rfc8
21. h4 Ne5 22. Bxe5 dxe5 23. hxg5 hxg5 24. Rd5 Rc5 25. Qd2 Rxd5 26. Qxg5+ 1-0

[Event "Frankfurt Ch B 2019"]
[Site "Ffm-Höchst, BiKuZ"]
[Date "2019.05.27"]
[Round "5.11"]
[White "Rosen, Thomas"]
[Black "Klinke, Roland"]
[Result "0-1"]
[WhiteElo "1257"]
[BlackElo "1157"]
[PlyCount "92"]
[EventDate "2019.??.??"]
[WhiteTeam "SV Lahn Limburg"]
[BlackTeam "TuS Dotzheim"]

1. d4 d5 2. Bf4 Nf6 3. e3 e6 4. Nf3 c5 5. c3 Nc6 6. Be2 Be7 7. h3 O-O 8. O-O b6
9. Nbd2 Bb7 10. a4 Rc8 11. Ne5 a6 12. Ndf3 cxd4 13. exd4 Bd6 14. Bd3 Re8 15.
Ng5 Rf8 16. Qc2 g6 17. Qe2 Nh5 18. Bh2 Be7 19. Ngf3 a5 20. Nxc6 Bxc6 21. Ne5
Bd6 22. Rfb1 Qc7 23. Rc1 Rce8 24. c4 f6 25. c5 bxc5 26. dxc5 Bxe5 27. Bxe5 Qxe5
28. Qg4 f5 29. Qd1 Rb8 30. b3 Rb4 31. Ra2 Nf4 32. Bf1 Rfb8 33. g3 Nh5 34. Re2
Re4 35. Rcc2 Rxb3 36. Bg2 Rxe2 37. Rxe2 Qb8 38. Re1 Ng7 39. Qd2 Rb4 40. Ra1
Bxa4 41. Bf3 Qb5 42. Be2 Qc6 43. Bd1 Bxd1 44. Rxa5 Rb1 45. Kh2 Bf3 46. g4 Qc7+
0-1

[Event "Frankfurt Ch B 2019"]
[Site "Ffm-Höchst, BiKuZ"]
[Date "2019.05.27"]
[Round "5.12"]
[White "Häfner, Günther"]
[Black "Özyar, Arin"]
[Result "0-1"]
[WhiteElo "1203"]
[BlackElo "1167"]
[PlyCount "64"]
[EventDate "2019.??.??"]
[WhiteTeam "Berkershm"]
[BlackTeam "SC Bad Soden"]

1. e4 e5 2. Nf3 Nc6 3. d4 exd4 4. Bc4 Nf6 5. Nxd4 Nxe4 6. O-O d5 7. Nxc6 bxc6
8. Bd3 Bf5 9. Re1 Be7 10. Nc3 Nxc3 11. bxc3 Bg6 12. Ba3 Be4 13. Bxe4 Bxa3 14.
Bxd5+ Kf8 15. Bxc6 Qxd1 16. Raxd1 Rb8 17. Rb1 Rd8 18. Rb7 g6 19. Rxa7 Bb2 20.
c4 Rd2 21. g3 Bd4 22. Ra8+ Kg7 23. Rxh8 Kxh8 24. Rf1 Rxc2 25. Bd5 Kg7 26. Kg2
Rxa2 27. Kf3 f5 28. h3 Kf6 29. h4 Rc2 30. Kg2 Ke5 31. Re1+ Kd6 32. Bf3 Rxf2+
0-1

[Event "Frankfurt Ch B 2019"]
[Site "Ffm-Höchst, BiKuZ"]
[Date "2019.05.27"]
[Round "5.13"]
[White "Brunner, Andreas"]
[Black "Landvoigt, Martin"]
[Result "1-0"]
[WhiteElo "1338"]
[BlackElo "1232"]
[PlyCount "63"]
[EventDate "2019.??.??"]
[WhiteTeam "Berkershm"]
[BlackTeam "SF Friedberg"]

1. Nf3 d5 2. c4 c6 3. g3 f5 4. e3 Nf6 5. Bg2 e6 6. O-O Bd6 7. Nc3 O-O 8. b3
Nbd7 9. Bb2 Nc5 10. Qc2 Nce4 11. d3 Nc5 12. Rad1 Ncd7 13. cxd5 cxd5 14. Nb5 Ne5
15. Nxd6 Qxd6 16. Bxe5 Qe7 17. Qb2 Ng4 18. Bc3 Bd7 19. h3 Nf6 20. a3 Rac8 21.
Bb4 Qf7 22. Ne5 Qe8 23. Bxf8 Qxf8 24. Rc1 Qd6 25. Rxc8+ Bxc8 26. Rc1 Bd7 27.
Qc3 h6 28. b4 a6 29. Qc7 Qxc7 30. Rxc7 Bc6 31. Nxc6 bxc6 32. Rxc6 1-0

[Event "Frankfurt Ch B 2019"]
[Site "Ffm-Höchst, BiKuZ"]
[Date "2019.05.27"]
[Round "5.14"]
[White "Czinkota, Michael"]
[Black "Tryfon, Konstantin"]
[Result "1/2-1/2"]
[WhiteElo "1144"]
[BlackElo "1239"]
[PlyCount "74"]
[EventDate "2019.??.??"]
[WhiteTeam "SC Bad Soden"]
[BlackTeam "SV Hofheim"]

1. e4 e5 2. Nf3 Nc6 3. Bc4 Nf6 4. d3 Bc5 5. c3 d6 6. Bb3 Be6 7. Bxe6 fxe6 8.
Qb3 Qc8 9. O-O O-O 10. h3 Bb6 11. Nbd2 d5 12. Re1 Kh8 13. exd5 exd5 14. Nxe5
Re8 15. d4 Na5 16. Qc2 c5 17. Ndf3 cxd4 18. Nxd4 Bxd4 19. Bf4 Bxe5 20. Bxe5 Qe6
21. Bc7 Qxe1+ 22. Rxe1 Rxe1+ 23. Kh2 Nc6 24. Qb3 b6 25. Qa4 Rc8 26. Bg3 Ne4 27.
Bh4 g5 28. Bg3 Nxg3 29. Kxg3 Re4 30. Qc2 Nd4 31. Qd2 Ne2+ 32. Kh2 Nf4 33. g3
Re2 34. Qd4+ Kg8 35. gxf4 gxf4 36. Qxd5+ Kh8 37. Qd4+ Kg8 1/2-1/2

[Event "Frankfurt Ch B 2019"]
[Site "Ffm-Höchst, BiKuZ"]
[Date "2019.05.27"]
[Round "5.15"]
[White "Barth, Horst"]
[Black "Lassek, Bjarne"]
[Result "0-1"]
[WhiteElo "1200"]
[BlackElo "1194"]
[PlyCount "70"]
[EventDate "2019.??.??"]
[WhiteTeam "SF Mainz"]
[BlackTeam "Schach AG im FDG"]

1. e4 e5 2. Nf3 Nc6 3. d4 exd4 4. Nxd4 Bc5 5. Be3 Bb6 6. Bc4 Nf6 7. Nd2 Bxd4 8.
Bxd4 Nxd4 9. c3 Nc6 10. O-O O-O 11. Bd3 d6 12. h3 a6 13. Nf3 Re8 14. Re1 Ne5
15. Nxe5 dxe5 16. Qf3 b5 17. Rad1 Qe7 18. Bc2 Bb7 19. Qe3 Rad8 20. Qa7 c5 21.
f3 Qc7 22. b4 Rxd1 23. Rxd1 cxb4 24. Qe3 bxc3 25. a3 h6 26. Rd3 Rc8 27. Kf2 Qc5
28. Qxc5 Rxc5 29. Rd8+ Kh7 30. Ke3 a5 31. Rb8 Rc7 32. Rd8 b4 33. axb4 axb4 34.
Rd1 Ba6 35. Ra1 Bc4 0-1

[Event "Frankfurt Ch B 2019"]
[Site "Ffm-Höchst, BiKuZ"]
[Date "2019.05.27"]
[Round "5.16"]
[White "Wich, Manuela"]
[Black "Hartwig, Horst"]
[Result "1-0"]
[WhiteElo "1488"]
[BlackElo "1080"]
[PlyCount "63"]
[EventDate "2019.??.??"]
[WhiteTeam "SV Hofheim"]
[BlackTeam "vereinslos"]

1. e4 e5 2. Nf3 d6 3. d4 Nc6 4. dxe5 dxe5 5. Qxd8+ Kxd8 6. Bb5 Bd7 7. Bxc6 Bxc6
8. Nxe5 Ke7 9. Nxc6+ bxc6 10. Bf4 Kd7 11. O-O Rd8 12. Nc3 f6 13. Rad1+ Bd6 14.
e5 fxe5 15. Bxe5 Nf6 16. Bxf6 gxf6 17. Ne4 Rhf8 18. Nc5+ Kc8 19. Ne6 Bxh2+ 20.
Kxh2 Rxd1 21. Rxd1 Re8 22. Nf4 Re5 23. g3 Rf5 24. Rd2 Re5 25. Re2 Rxe2 26. Nxe2
Kd7 27. Kg2 Kd6 28. Kf3 Ke5 29. c4 c5 30. Ke3 f5 31. Nc3 Kf6 32. Nd5+ 1-0

[Event "Frankfurt Ch B 2019"]
[Site "Ffm-Höchst, BiKuZ"]
[Date "2019.05.27"]
[Round "5.17"]
[White "Fredershausen, Kurt"]
[Black "Wundram, Till"]
[Result "0-1"]
[WhiteElo "1079"]
[BlackElo "1310"]
[PlyCount "79"]
[EventDate "2019.??.??"]
[WhiteTeam "SC Bad Soden"]
[BlackTeam "vereinslos"]

1. e4 d5 2. Nc3 d4 3. Nce2 e5 4. d3 f5 5. Ng3 fxe4 6. Nxe4 Nf6 7. Bg5 Nbd7 8.
Nf3 Be7 9. Bxf6 gxf6 10. a3 f5 11. Ned2 b5 12. Ng1 Nf6 13. f3 Bb7 14. b4 e4 15.
dxe4 fxe4 16. Bxb5+ c6 17. Bc4 e3 18. Nb3 Qb6 19. Qxd4 Rd8 20. Qxb6 axb6 21.
Ne2 Nd5 22. Rd1 Bf6 23. O-O b5 24. Bxd5 cxd5 25. Rd3 Kf7 26. Rxe3 Rhg8 27. Rd3
Bc8 28. g4 h5 29. f4 Bxg4 30. Kf2 h4 31. Ng1 h3 32. Nf3 Bf5 33. Re3 Rg2+ 34.
Ke1 Bxc2 35. Ng5+ Kg6 36. Nf3 Be4 37. Nbd2 Rc8 38. Nb3 Bc3+ 39. Nbd2 Bxd2+ 40.
Nxd2 0-1